000
00374nam a2200169Ia 4500
003
0STCL
008
150530s9999 xx 000 0 und d
040
_a
STCL
_c
STCL
100
_a
Glasstone, S.
245
_a
Introduction to electrochemistry
250
_a
Tenth
260
_c
1999
546
_a
English
942
_2
ddc
_c
BK
999
_c
32058
_d
32058
005
20220125170235.0